000
00339nam a22001577a 4500
003
SGT
020
_a
978-93-5270-547-4
082
_a
616.17
_b
P19M
100
_a
MOHAN,HARSH
245
_a
TEXT BOOK OF PATHOLOGY
250
_a
8TH
260
_a
NEW DELHI
_b
JAYPEE PUB
_c
2019
300
_a
1010
650
_a
PHARMACY
942
_2
ddc
_c
BK
_0
50
999
_c
16083
_d
16083